书目信息 |
| 题名: |
中国社会组织发展研究
|
|
| 作者: | 李永忠 著 | |
| 分册: | ||
| 出版信息: | 北京 中国书籍出版社 2012 |
|
| 页数: | 228页 | |
| 开本: | 24cm | |
| 丛书名: | 中国书籍文库 | |
| 单 册: | ||
| 中图分类: | C232 | |
| 科图分类: | ||
| 主题词: | 社会团体--发展--研究--中国 | |
| 电子资源: | ||
| ISBN: | 978-7-5068-2918-2 | |
| 000 | 01146nam0 2200277 450 | |
| 001 | 339595 | |
| 005 | 20150608161223.82 | |
| 010 | @a978-7-5068-2918-2@dCNY45.00 | |
| 100 | @a20121226d2012 em y0chiy50 ea | |
| 101 | 0 | @achi |
| 102 | @aCN@b110000 | |
| 105 | @ay z 000yy | |
| 106 | @ar | |
| 200 | 1 | @a中国社会组织发展研究@Azhong guo she hui zu zhi fa zhan yan jiu@d= On the development of our social organizations@f李永忠著@zeng |
| 210 | @a北京@c中国书籍出版社@d2012 | |
| 215 | @a228页@d24cm | |
| 225 | 1 | @a中国书籍文库 |
| 300 | @a本书系宜宾学院博士科研启动项目的研究成果 | |
| 330 | @a本书立足于马克思市民社会的理论视角, 深入挖掘马克思市民社会理论的当代意蕴, 为中国当下的社会组织发展提供理论基础。从社会转型时期党和政府所推进的社会建设进程和思路, 深入分析发展社会组织对中国社会转型的理论意义, 探讨发展社会组织对解决社会转型时期各种社会矛盾的现实意义。 | |
| 410 | 0 | @12001 @a中国书籍文库 |
| 510 | 1 | @aOn the development of our social organizations@zeng |
| 606 | 0 | @a社会团体@x发展@x研究@y中国 |
| 690 | @aC232@v5 | |
| 701 | 0 | @a李永忠@Ali yong zhong@c(社会学)@4著 |
| 801 | 0 | @aCN@b卓展宏图@c20150525 |
| 905 | @dC232@e286@f4 | |
| 中国社会组织发展研究= On the development of our social organizations/李永忠著.-北京:中国书籍出版社,2012 |
| 228页;24cm.-(中国书籍文库) |
| 本书系宜宾学院博士科研启动项目的研究成果 |
| ISBN 978-7-5068-2918-2:CNY45.00 |
| 本书立足于马克思市民社会的理论视角, 深入挖掘马克思市民社会理论的当代意蕴, 为中国当下的社会组织发展提供理论基础。从社会转型时期党和政府所推进的社会建设进程和思路, 深入分析发展社会组织对中国社会转型的理论意义, 探讨发展社会组织对解决社会转型时期各种社会矛盾的现实意义。 |
| ● |
| 相关链接 |
|
|
|
|
正题名:中国社会组织发展研究
索取号:C232/286
 
预约/预借
| 序号 | 登录号 | 条形码 | 馆藏地/架位号 | 状态 | 备注 |
| 1 | 863286 | 208632862 | 第一样本阅览室/ [索取号:C232/286] | 在馆 | |
| 2 | 863287 | 208632871 | 第一借阅区/ [索取号:C232/286] | 在馆 | |
| 3 | 863288 | 208632880 | 第一借阅区/ [索取号:C232/286] | 在馆 | |
| 4 | 863289 | 208632899 | 第一借阅区/ [索取号:C232/286] | 在馆 |